MDQL
is popping MORE tags! Check the
thread
!
Quizzes
Events
Quiz Creation
Community
Videos
Private Events
Remove Ads
Sign In
Join for FREE
Feedback
Dark Mode
Quiz Categories
Sports
Geography
Music
Movies
Television
Just For Fun
Miscellaneous
History
Literature
Language
Science
Gaming
Entertainment
Religion
Holiday
For Kids
Quiz Lab
Recent
Popular Today
Quiz Kudos Today
Editor Picks
Curator Picks
Quizzes by...
Day
Popularity
Type
Ratings
Length
Year
Community
Subscriptions
Recent Discussions
Orange Saloon
Badges
Playlists
Quests
Create
Leaderboards
Showdown
Live 5
Trivia Bingo
Activity
Puzzle Library
Sporcle Events
Private Events
Virtual Trivia
Globe League
Become a Host
Pub Owners
SporcleCon
Opinionation
Our Games
Videos
Blog
Mobile Apps
Partnerships
Remove Ads and Go Orange
Feedback
Just For Fun
Clickable
Get the Picture
Humor
Quick Pick
Word Ladder
Missing Word
Mixed Word
Blitz
Minefield
This or That
Alphabet
Color
Typing
Sporcle
Puzzle
Word Play
Follow That Line
Logic
Just For Fun
Clickable
Get the Picture
Humor
Quick Pick
Word Ladder
Missing Word
Mixed Word
Blitz
Minefield
This or That
Alphabet
Color
Typing
Sporcle
Puzzle
Word Play
Follow That Line
Logic
Random Quiz
Search Sporcle
×
Quiz Lab
Quiz Lab
Just For Fun
end
Type in answers that appear in a list
Type in answers that appear in a list
Classic
Best Score? Go Orange.
Yes We 'Can' Stats
Can you name the words that start or end with 'can'?
By
scb
10m
20 Questions
864 Plays
864 Plays
864 Plays
Comments
Comments
Give Quiz Kudos
Give Quiz Kudos
-
- Ratings
hide this ad
Replay
Link that replays current quiz
Next Quiz
Link to next quiz in quiz playlist
You Got
0%
They Got
Avg Score
71%
Avg Friend Score
Upgrade to see
Score Distribution
Jump to the score distribution portion of the page
Score
0/20
Timer
10:00
0
Plays Today
Hint
Word
% Correct
Largest Country in North America
Canada
96.2%
A wax stick burnt to provide light
Candle
89.6%
Relating to a Dog
Canine
89.2%
One of the largest causes of death in the U.S.
Cancer
87.6%
A human who eats human flesh
Cannibal
87.4%
An inhabitant of the United States
American
82.4%
Popular destination in Mexico
Cancun
81.1%
1992 movie 'Last of the _
_
_
_
_
_
_
_
s'
Mohican
79.3%
Large bird with pouch for holding fish
Pelican
77.5%
Tropical American bird w/
bright colored plumage
Toucan
74%
Hint
Word
% Correct
Australian capital
Canberra
71%
Type of melon
Cantaloupe
70.9%
A light, open, slender boat
Canoe
70.5%
Type of sore in the mouth
Canker
66.6%
To make void or revoke
Cancel
64.9%
A narrow chasm with steep cliff walls
Canyon
60.6%
A large heavy gun mounted on a carriage
Cannon
60%
Vancouver NHL team
Canucks
59.4%
Usually cylindrical storage container
Canister
42.1%
Free from prejudice; impartial
Candid
15.1%
Quiz Playlist
Details
Report
Send in Message
Add To Playlist
Classic:
Type in answers that appear in a list
Last Updated: Feb 16, 2017
Quiz Scoreboard
CHALLENGE
Sign Up to Join the Scoreboard
Show All
Scores
Hide
Comments
May contain spoilers
Recently Published
Colored Red Africa Blitz
by spor1
Geography
30s
Find the 'City' Movie
by crazypaving
Movies
60s
5x2 Blitz: Bands
by SL_Kpop136
Music
30s
More to Explore
Quiz From the Vault
Featured Blog Post
14 Easter Pick-up Lines to Find Eggs With
hide this ad
You Might Also Like...
Tags
end
start
Yes
Today's Top Quizzes in Just For Fun
Browse Just For Fun
hide this ad
Today's Top Quizzes in end
Browse end
Top Contributed Quizzes in Just For Fun
1
Name Just One - 10 to 1: Just For Fun
2
Avatar the Last Airbender: Logic Puzzle
3
Missing Word: 2-Letter A-Z II
4
Missing Letter Whitney Houston Songs
5
It's Magic / Witchcraft 🎩🪄🧙♀️
6
Survivor Winners Logic Puzzle
7
Missing Word: 'Of' Things A-Z
8
01-36 Logic Puzzle I
9
Quick 5-Color Logic (18)
10
Shadowhunters Protagonists Logic Quiz
Explore More
Trending Topics
Crossword
NBA
Marvel
Disney
Anime
Kpop
Harry Potter
WWE
NFL
Soccer
Puzzle
Pokémon
The Office
Song
Country
hide this ad
More By:
scb
Quiz
Plays
Rating
Category
Featured
Created
Mixed Word: US Cities
46,160
4.34
Just For Fun
Sep 26, 2009
Mixed Word: Anagram Countries
27,882
4.08
Just For Fun
Sep 24, 2009
Dodgeball Trivia
1,285
4.80
Movies
Oct 16, 2009
Four Letter Words
1,012
4.64
Language
Oct 9, 2009
Guess the Animals
923
1.73
Just For Fun
Oct 16, 2009
Go to Creator's Profile
Score Distribution
Quiz Creator Spotlight
scb
Follow
Send a Message
Quizzes Created
-
Created Quiz Play Count
-
More By This Creator
Popular Quizzes Today
1
Colored Red Africa Blitz
2
Find the US States - No Outlines Minefield
3
Find the 'City' Movie
4
5x2 Blitz: Bands
5
The Countries of the World
6
Find the US States
7
Find the Countries of Europe - No Outlines Minefield
8
US States
More Just For Fun Quizzes
Missing Word: #1 Hits of 2016
Published
Trending Quizzes
Colored Red Europe Blitz I
Colored Red Europe Blitz II
Colored Red Africa Blitz II
Colored Red Europe Blitz III
Colored Red Africa Blitz III
Recently Updated
How Do You Spell That?
pecheneg
Godzilla Movies
pecheneg
Grab Bag: 4-10 Letters
pecheneg
2024 March Madness Bracket
pecheneg
Famous TV Couples
Peacemaker
Champions League XIs: Real Madrid
pecheneg
Largest US Cities 1790-2010
pecheneg
Rides in Walt Disney World
pecheneg
Most Oscar Losses (Acting)
pecheneg
Beyoncé Albums
pecheneg
Trending Topics
Disney
NBA
Harry Potter
Anime
Kpop
Crossword
Marvel
WWE
Soccer
The Office
Puzzle
Pokémon
Country
NFL
Song
Your Account Isn't Verified!
In order to create a playlist on Sporcle, you need to verify the email address you used during registration. Go to your
Sporcle Settings
to finish the process.
Report this User
Report this user for behavior that violates our
Community Guidelines
.
Details:
Send Report
Go to the Sporcle.com Mobile Site →
Comments